10 Highest Payed Athletes - Statistics

General Stats
  • This quiz has been taken 52 times
  • The average score is 5 of 10
Answer Stats
(Millions) Athlete Sport % Correct
$275.0 Cristiano Ronaldo Soccer
96%
$135.0 Lionel Messi Soccer
96%
$133.8 LeBron James Basketball
93%
$156.0 Stephen Curry Basketball
76%
$102.5 Shohei Ohtani Baseball
44%
$101.4 Kevin Durant Basketball
33%
$146.0 Tyson Fury Boxing
29%
$114.0 Juan Soto Baseball
24%
$104.0 Karim Benzema Soccer
20%
$137.0 Dak Prescott Football
11%
No matching quizzes found
Score Distribution
Percent of People with Each Score
Percentile by Number Answered
Your Score History
You have not taken this quiz